000 00915nam a2200229 a 4500
001 44813
003 BD-RjUL
005 20211209053924.0
008 160720s1969 pk ||||| |||| 00| 0 ben d
035 _a(BD-RjUL)44931
040 _aBD-RjUL
_bben
_cBD-RjUL
041 _aben
082 _223
_a491.443
_bCOL 1969
245 0 0 _aচলন্তিকা :
_bআধুনিক বঙ্গভাষার অভিধান /
_cরাজশেখর বসু, সংকলক
250 _aপরিবর্ধিত ৯ম সং.
260 _aকরাচী :
_bমোকতারা ছায়িদ,
_c১৯৬৯
300 _a৬৯৮, ১০৪ পৃ. ;
_c১৭ সেমি.
650 _aবাংলা ভাষা
_vঅভিধান
_9137359
650 _aBengali language
_vDictionaries
_9137360
700 _aবসু, রাজশেখর, সংকলক
_9137361
942 _2ddc
_cBK
999 _c44813
_d44813